000 00755pam a2200241 a 4500
005 20230405154311.0
008 230405s2007 enka 000 0 eng
020 _a9780727734006 (hbk.)
020 _a0727734008 (hbk.)
041 _aeng
082 0 4 _a621.3824
100 1 _aSmith, B. W.
245 1 0 _aCommunication structures /
_cBrian W. Smith.
260 _aLondon :
_bThomas Telford,
_c2007.
300 _axiv, 338 p. :
_bill. ;
_c25 cm.
504 _aIncludes bibliographical references and index
650 0 _aAntennas
650 0 _aMobile phone masts
650 0 _aTelecommunication
_xEquipment and supplies
_xDesign and construction.
651 _aUnited Kingdom
942 _n0
999 _c121461
_d121461